<?xml version="1.0" encoding="UTF-8"?>
<collection xmlns="http://www.loc.gov/MARC21/slim">
 <record>
  <leader>01935nam a2200325 a 4500</leader>
  <controlfield tag="001">1/49505</controlfield>
  <controlfield tag="008">201030s2020    gr        b   00010 gre  </controlfield>
  <datafield tag="020" ind1=" " ind2=" ">
   <subfield code="a">9789600236187</subfield>
  </datafield>
  <datafield tag="035" ind1=" " ind2=" ">
   <subfield code="l">52515</subfield>
  </datafield>
  <datafield tag="040" ind1=" " ind2=" ">
   <subfield code="a">GR-PeUP</subfield>
  </datafield>
  <datafield tag="082" ind1="0" ind2="0">
   <subfield code="a">325.4 ΑΝΑ</subfield>
  </datafield>
  <datafield tag="100" ind1="1" ind2=" ">
   <subfield code="a">Ανάγνου, Μαίρη.</subfield>
  </datafield>
  <datafield tag="245" ind1="1" ind2="0">
   <subfield code="a">Ακυβέρνητες ροές :</subfield>
   <subfield code="b">πολιτικές διαχείρισης προσφυγικής μεταναστευτικής κρίσης /</subfield>
   <subfield code="c">Μαίρη Ανάγνου.</subfield>
  </datafield>
  <datafield tag="260" ind1="0" ind2=" ">
   <subfield code="a">Αθήνα :</subfield>
   <subfield code="b">Εκδόσεις Παπαζήση,</subfield>
   <subfield code="c">2020.</subfield>
  </datafield>
  <datafield tag="300" ind1=" " ind2=" ">
   <subfield code="a">646 σ. ;</subfield>
   <subfield code="c">25 εκ.</subfield>
  </datafield>
  <datafield tag="504" ind1=" " ind2=" ">
   <subfield code="a">Περιλαμβάνει βιβλιογραφικές παραπομπές.</subfield>
  </datafield>
  <datafield tag="650" ind1=" " ind2="4">
   <subfield code="a">Emigration and immigration law</subfield>
   <subfield code="z">European Union countries.</subfield>
  </datafield>
  <datafield tag="650" ind1=" " ind2="4">
   <subfield code="a">Emigration and immigration law</subfield>
   <subfield code="z">Greece.</subfield>
  </datafield>
  <datafield tag="650" ind1=" " ind2="4">
   <subfield code="a">Refugees</subfield>
   <subfield code="x">Legal status, laws, etc.</subfield>
   <subfield code="z">European Union countries.</subfield>
  </datafield>
  <datafield tag="650" ind1=" " ind2="4">
   <subfield code="a">Μετανάστες</subfield>
   <subfield code="x">Κυβερνητική πολιτική</subfield>
   <subfield code="z">Ελλάδα.</subfield>
  </datafield>
  <datafield tag="650" ind1=" " ind2="4">
   <subfield code="a">Μεταναστευτική πολιτική</subfield>
   <subfield code="z">Ευρωπαϊκή Ένωση, Χώρες της.</subfield>
  </datafield>
  <datafield tag="650" ind1=" " ind2="4">
   <subfield code="a">Μεταναστευτικό δίκαιο</subfield>
   <subfield code="z">Ελλάδα.</subfield>
  </datafield>
  <datafield tag="650" ind1=" " ind2="4">
   <subfield code="a">Μετανάστες</subfield>
   <subfield code="x">Κυβερνητική πολιτική</subfield>
   <subfield code="z">Ελλάδα.</subfield>
  </datafield>
  <datafield tag="650" ind1=" " ind2="4">
   <subfield code="a">Αποδημία και εποίκηση</subfield>
   <subfield code="x">Κυβερνητική πολιτική.</subfield>
  </datafield>
  <datafield tag="650" ind1=" " ind2="4">
   <subfield code="a">Αποδημία και εποίκηση</subfield>
   <subfield code="x">Δίκαιο και νομοθεσία.</subfield>
  </datafield>
  <datafield tag="651" ind1=" " ind2="4">
   <subfield code="a">European Union countries</subfield>
   <subfield code="x">Emigration and immigration</subfield>
   <subfield code="x">Government policy.</subfield>
  </datafield>
  <datafield tag="651" ind1=" " ind2="0">
   <subfield code="a">Greece</subfield>
   <subfield code="x">Emigration and immigration</subfield>
   <subfield code="y">Government policy.</subfield>
  </datafield>
  <datafield tag="852" ind1=" " ind2=" ">
   <subfield code="a">INST</subfield>
   <subfield code="b">UNIPILB</subfield>
   <subfield code="c">MAIN</subfield>
   <subfield code="e">20201031</subfield>
   <subfield code="h">325.4 ΑΝΑ</subfield>
   <subfield code="p">00183724</subfield>
   <subfield code="q">00183724</subfield>
   <subfield code="t">LOAN</subfield>
   <subfield code="y">0</subfield>
   <subfield code="4">1</subfield>
  </datafield>
  <datafield tag="852" ind1=" " ind2=" ">
   <subfield code="a">INST</subfield>
   <subfield code="b">UNIPILB</subfield>
   <subfield code="c">MAIN</subfield>
   <subfield code="e">20221214</subfield>
   <subfield code="h">325.4 ΑΝΑ</subfield>
   <subfield code="p">00188275</subfield>
   <subfield code="q">00188275</subfield>
   <subfield code="t">LOAN</subfield>
   <subfield code="y">0</subfield>
   <subfield code="4">3</subfield>
  </datafield>
  <datafield tag="852" ind1=" " ind2=" ">
   <subfield code="a">INST</subfield>
   <subfield code="b">UNIPILB</subfield>
   <subfield code="c">MAIN</subfield>
   <subfield code="e">20221214</subfield>
   <subfield code="h">325.4 ΑΝΑ</subfield>
   <subfield code="p">00188276</subfield>
   <subfield code="q">00188276</subfield>
   <subfield code="t">LOAN</subfield>
   <subfield code="y">0</subfield>
   <subfield code="4">2</subfield>
  </datafield>
 </record>
</collection>
